Geography Quiz

Random Geography or Latin Quiz

Capitals in Latin: Europe Quiz Stats

 Plays Quiz Updated Apr 23, 2018

Also try: On A Map: Europe
Challenge
Share
Tweet
Score 0/47 Timer 07:00
10 Plays Today
% Correct
Italy
95.7%
Greece
95.5%
United Kingdom
95.2%
Luxembourg
95%
Netherlands
94.2%
Russia
92.4%
Iceland
92.2%
Vatican City
92%
Andorra
92%
Czechia
91.4%
Belgium
91.1%
Finland
91.1%
Hungary
88.9%
Switzerland
88.4%
Germany
85.6%
Romania
83%
Turkey
82.4%
Ukraine
81.9%
San Marino
81.9%
Latvia
79.7%
Croatia
77.7%
Monaco
77%
Cyprus
75.2%
Serbia
74.3%
% Correct
Poland
73.6%
Slovakia
72.6%
Belarus
69.3%
Lithuania
68.9%
Spain
68.5%
Malta
68%
Norway
61.4%
Kosovo
56.9%
Moldova
43.2%
Austria
43%
Macedonia
42.9%
Albania
42.2%
Sweden
35.4%
Bosnia & Herzegovina
33.9%
France
32.3%
Portugal
29.5%
Ireland
26.2%
Slovenia
20%
Liechtenstein
18.3%
Bulgaria
15.2%
Denmark
15%
Estonia
6.9%
Montenegro
5.9%

You're not logged in!

Compare scores with friends on all Sporcle quizzes.
Join for Free
OR
Log In

You Might Also Like...

Show Comments

Extras

Top Quizzes Today


Score Distribution

Your Account Isn't Verified!

In order to create a playlist on Sporcle, you need to verify the email address you used during registration. Go to your Sporcle Settings to finish the process.

Report this User

Report this user for behavior that violates our Community Guidelines.

Details: